Los años de doña Violeta : la historia de la transición política
| Main Author: | |
|---|---|
| Format: | Section = Libro |
| Language: | Undetermined Spanish |
| Published: |
Managua
Lea Grupo
2005
|
| Subjects: |
| LEADER | 00641nam a2200217Ia 4500 | ||
|---|---|---|---|
| 008 | 240829s9999 xx 000 0 und d | ||
| 020 | |a 99924-830-6-7 | ||
| 040 | |a BIBLIOTECA-RUSB/ 972.85 C645 | ||
| 041 | |a spa | ||
| 082 | |a 972.85 C645 | ||
| 100 | 1 | |a Close, David | |
| 245 | 1 | 0 | |a Los años de doña Violeta : la historia de la transición política |
| 260 | |a Managua |b Lea Grupo |c 2005 | ||
| 300 | |a 355 p. | ||
| 650 | 7 | |a NICARAGUA-HISTORIA | |
| 650 | 7 | |b NICARAGUA-POLITICA Y GOBIERNO | |
| 650 | 7 | |c NICARAGUA-CONSTITUCION | |
| 650 | 7 | |d CHAMORRO, VIOLETA-PRESIDENTE-NICARAGUA (1990-1996) | |
| 942 | |c BK |2 ddc | ||
| 991 | |a TEXTO | ||
| 999 | |c 5558 | ||